Biggest Cities on Shikoku - Statistics

General Stats
  • This quiz has been taken 22 times
    19 since last reset
  • The average score is 4 of 7
Answer Stats
Population City % Correct
332,059 Kōchi
100%
509,835 Matsuyama
88%
418,994 Takamatsu
88%
321,654 Tokushima
82%
58,543 Naruto
41%
30,062 Mima
18%
86,631 Uwajima
18%
No matching quizzes found
Score Distribution
Percent of People with Each Score
Percentile by Number Answered
Your Score History
You have not taken this quiz since the last reset